Movie Titles with Shared First Words #2 - Statistics

General Stats
  • This quiz has been taken 27,233 times
  • The average score is 15 of 24
Answer Stats
Ends Of Movie Titles First Word % Correct
Bird, In The Water, And The Tramp Lady
90%
Lies Beneath, Women Want What
88%
Psycho, Sniper American
86%
Calm, Poet's Society Dead
85%
Dancing, Grandpa, Harry Dirty
85%
Soldiers, Story Toy
85%
Kings, Men And A Baby Three
81%
Max, City Mad
80%
Park, World Jurassic
76%
Reacher, The Giant Slayer Jack
74%
Beauty, With The Enemy Sleeping
74%
Of Spies, To Terabithia Bridge
71%
City, Shadows Dark
63%
Of Men, Of the Corn Children
61%
Grande, Bravo Rio
57%
Treasure, Security National
49%
Siege, The Skin Under
49%
Misty For Me, It Again Sam Play
47%
Up, Brothers Step
35%
Of Mars, Of Girlfriends Past Ghosts
34%
Sunset, Sunrise Before
27%
Knight, Blood, Man First
25%
Woman, Boys, Wheel Wonder
19%
Range, Water Open
17%
No matching quizzes found
Score Distribution
Percent of People with Each Score
Percentile by Number Answered
Your Score History
You have not taken this quiz